书目信息 |
| 题名: |
中文版Rhino 6.0产品设计从入门到精通
|
|
| 作者: | 孙燕飞 编著 | |
| 分册: | ||
| 出版信息: | 北京 机械工业出版社 2018.10 |
|
| 页数: | 329页 | |
| 开本: | 26cm | |
| 丛书名: | ||
| 单 册: | ||
| 中图分类: | TB472-39 | |
| 科图分类: | ||
| 主题词: | 产品设计--chan pin she ji--计算机辅助设计--应用软件 | |
| 电子资源: | ||
| ISBN: | 978-7-111-60631-4 | |
| 000 | 01112nam0 2200265 450 | |
| 001 | CAL 0120182574352 | |
| 005 | 20180929094710.6 | |
| 010 | @a978-7-111-60631-4@dCNY89.90 | |
| 100 | @a20180928d2018 em y0chiy50 ea | |
| 101 | 0 | @achi |
| 102 | @aCN@b110000 | |
| 105 | @aak z 000yy | |
| 106 | @ar | |
| 200 | 1 | @a中文版Rhino 6.0产品设计从入门到精通@Azhong wen ban Rhino 6.0 chan pin she ji cong ru men dao jing tong@f孙燕飞编著@Fsun yan fei bian zhu |
| 210 | @a北京@c机械工业出版社@d2018.10 | |
| 215 | @a329页@c彩图@d26cm | |
| 330 | @a本书由浅入深、循序渐进地介绍了Rhino的基本操作及命令的使用技巧, 并配合大量的制作实例, 使用户更好地掌握知识。全书共9章, 主要介绍Rhino与产品设计的关系、Rhino的基本建模应用、Rhino在产品造型中的实际应用和Rhino插件的高级应用等知识。 | |
| 517 | 1 | @aRhino 6.0产品设计从入门到精通@ARhino 6.0 chan pin she ji cong ru men dao jing tong |
| 586 | @a | |
| 606 | 0 | @a产品设计@Achan pin she ji@x计算机辅助设计@x应用软件 |
| 610 | 0 | @aRhino |
| 690 | @aTB472-39@v5 | |
| 701 | 0 | @a孙燕飞@Asun yan fei@4编著 |
| 801 | 0 | @aCN@c20180928 |
| 905 | @a河南城建学院图书馆@dTB472-39@eS971@f2 | |
| 中文版Rhino 6.0产品设计从入门到精通/孙燕飞编著.-北京:机械工业出版社,2018.10 |
| 329页:彩图;26cm |
| ISBN 978-7-111-60631-4:CNY89.90 |
| 本书由浅入深、循序渐进地介绍了Rhino的基本操作及命令的使用技巧, 并配合大量的制作实例, 使用户更好地掌握知识。全书共9章, 主要介绍Rhino与产品设计的关系、Rhino的基本建模应用、Rhino在产品造型中的实际应用和Rhino插件的高级应用等知识。 |
| ● |
| 相关链接 |
|
|
|
正题名:中文版Rhino 6.0产品设计从入门到精通
索取号:TB472-39/S971
 
预约/预借
| 序号 | 登录号 | 条形码 | 馆藏地/架位号 | 状态 | 备注 |
| 1 | 1408454 | 214084541 | 自科库501/501自科库 17排1列5层/ [索取号:TB472-39/S971] | 在馆 | |
| 2 | 1408455 | 214084550 | 自科库501/501自科库 17排1列5层/ [索取号:TB472-39/S971] | 在馆 |